000 00517nam a2200157 i 4500
001 98019
003 ES-MaACL
007 t|
008 050721q19001999xxk ||||1| eng d
100 1 _aMarlowe, Christopher.
_976938
245 1 4 _aThe dramatic work /
_cof Christopher Marlowe; with an introduction from the edition of the rev. Alexander Dyce.
260 _aLondon :
_b[s.n.],
_c[19--?] (
_fThe Riverside Press)
300 _aXLV, 448 p. ;
_c16 cm.
700 1 _aDyce, Alexander.
_946404
852 _aES-MaACL
_jG-14925
999 _c98019
_d98019